[Event "LSS BI-2010-P-00010"]
[Site "LSS email"]
[Date "2010.04.19"]
[Round "?"]
[White "Caillet, Serge"]
[Black "Gonzalez, Gervasio"]
[Result "1-0"]
[WhiteElo "2025"]
[BlackElo "1801"]
[PlyCount "87"]
[EventDate "2010.04.22"]
[EventType "tourn (corr)"]
[EventRounds "10"]
[EventCountry "GER"]
[SourceTitle "Telechess CBM 141"]
[Source "ChessBase"]
[SourceDate "2011.03.17"]
[SourceVersion "1"]
[SourceVersionDate "2011.03.17"]
[SourceQuality "1"]

1. e4 e5 2. Nc3 Nf6 3. g3 d5 4. exd5 Nxd5 5. Bg2 Nxc3 6. bxc3 Bd6 7. Rb1 c6 8. Nf3 0-0 9. 0-0 Nd7 10. d4 Qa5 11. dxe5 Bxe5 12. Nxe5 Nxe5 13. Qd4 Re8 14. Bf4 Ng6 15. Bd6 Qxa2 16. Rfe1 Bf5 17. h4 Nf8 18. Rec1 Bc8 19. c4 Qa5 20. c5 Qd8 21. Re1 a5 22. Rxe8 Qxe8 23. Qa4 Nd7 24. Bf3 Nf6 25. Bf4 Bg4 26. Bg2 Bf5 27. Qb3 Bc8 28. Qa4 Qe7 29. Be3 h6 30. Bf3 Bf5 31. Bd4 Nd5 32. Kh2 Ra6 33. Rb2 Be4 34. Bxe4 Qxe4 35. Rxb7 Ra8 36. Rb2 Nf6 37. Qa1 Ng4+ 38. Kg1 Rd8 39. c3 Ne5 40. Bxe5 Qxe5 41. c4 Qxc5 42. Qa4 Re8 43. Ra2 Re5 44. Rd2 1-0

[Event "LSS BI-2010-P-00010"]
[Site "LSS email"]
[Date "2010.04.19"]
[Round "?"]
[White "Gonzalez, Gervasio"]
[Black "De Paus, Pieter"]
[Result "1-0"]
[WhiteElo "1780"]
[BlackElo "1316"]
[PlyCount "31"]
[EventDate "2010.04.22"]
[EventType "tourn (corr)"]
[EventRounds "10"]
[EventCountry "GER"]
[SourceTitle "Corr 2013"]
[Source "ChessBase"]
[SourceDate "2012.11.12"]
[SourceVersion "1"]
[SourceVersionDate "2012.11.12"]
[SourceQuality "1"]

1. e4 c5 2. c3 d5 3. exd5 Qxd5 4. d4 Nc6 5. Nf3 Bg4 6. Be2 Nf6 7. h3 Bh5 8. c4 Qd8 9. d5 Bxf3 10. Bxf3 Nd4 11. 0-0 g6 12. Be3 Nxf3+ 13. Qxf3 b6 14. d6 exd6 15. Re1 Be7 16. Qc6+ 1-0

[Event "LSS BI-2010-P-00010"]
[Site "LSS email"]
[Date "2010.04.19"]
[Round "?"]
[White "Gonzalez, Gervasio"]
[Black "Iacobitz, Lucian Valentin"]
[Result "0-1"]
[WhiteElo "1820"]
[BlackElo "2319"]
[PlyCount "98"]
[EventDate "2010.04.22"]
[EventType "tourn (corr)"]
[EventRounds "10"]
[EventCountry "GER"]
[SourceTitle "Telechess CBM 141"]
[Source "ChessBase"]
[SourceDate "2011.03.17"]
[SourceVersion "1"]
[SourceVersionDate "2011.03.17"]
[SourceQuality "1"]

1. e4 e5 2. Nf3 Nf6 3. Nxe5 d6 4. Nf3 Nxe4 5. d4 d5 6. Bd3 Nc6 7. 0-0 Be7 8. c4 Nb4 9. Be2 0-0 10. Nc3 Bf5 11. a3 Nxc3 12. bxc3 Nc6 13. Re1 Re8 14. Bf4 dxc4 15. Bxc4 Bd6 16. Rxe8+ Qxe8 17. Ng5 Bg6 18. Bxd6 cxd6 19. h4 Qe7 20. Qg4 h6 21. Nh3 Qe4 22. Qxe4 Bxe4 23. Re1 Bf5 24. Re3 Rc8 25. Be2 Kf8 26. Nf4 Na5 27. Nd5 Be6 28. Nf4 Bb3 29. Bg4 Rc7 30. Be2 Nc4 31. Nd5 Rd7 32. Bxc4 Bxc4 33. Nf4 Rc7 34. Re1 Rc6 35. Rb1 b5 36. h5 Ra6 37. Ra1 Ra4 38. g4 a5 39. Ng2 b4 40. cxb4 axb4 41. Ne3 d5 42. Kg2 bxa3 43. Kf3 a2 44. Nxc4 dxc4 45. Ke3 Ke7 46. Ke4 Kd6 47. f4 f6 48. d5 Ra3 49. Kd4 c3 0-1

[Event "LSS BI-2010-P-00010"]
[Site "LSS email"]
[Date "2010.04.19"]
[Round "?"]
[White "Kuhne, Detlev"]
[Black "Gonzalez, Gervasio"]
[Result "1-0"]
[WhiteElo "2268"]
[BlackElo "1819"]
[PlyCount "103"]
[EventDate "2010.04.22"]
[EventType "tourn (corr)"]
[EventRounds "10"]
[EventCountry "GER"]
[SourceTitle "Telechess CBM 141"]
[Source "ChessBase"]
[SourceDate "2011.03.17"]
[SourceVersion "1"]
[SourceVersionDate "2011.03.17"]
[SourceQuality "1"]

1. e4 e5 2. Nf3 Nc6 3. Bb5 Nf6 4. 0-0 Bc5 5. Nxe5 Nxe4 6. Qe2 Nxe5 7. Qxe4 Qe7 8. Nc3 Ng6 9. Qxe7+ Bxe7 10. Nd5 Bd6 11. Re1+ Kf8 12. Ne3 c6 13. Bf1 Bc5 14. Rb1 d5 15. b4 Bb6 16. c4 Be6 17. c5 Bc7 18. b5 Rb8 19. d4 Ba5 20. Rd1 Bc7 21. Rd3 Ke7 22. Rdb3 Rhc8 23. g3 Kf8 24. Ra3 Ra8 25. bxc6 bxc6 26. Ba6 Rcb8 27. Rb7 Bd8 28. Rab3 Rc8 29. R7b4 Rc7 30. Rb8 Rxb8 31. Rxb8 Ke8 32. Bd2 Bh3 33. Nc2 Ne7 34. Ba5 Rc8 35. Bxc8 Nxc8 36. Bxd8 Kxd8 37. Rb7 Bd7 38. a4 a5 39. Na1 Ne7 40. Nb3 Nf5 41. Ra7 Kc8 42. Kf1 g5 43. Ke2 Ng7 44. Nxa5 Ne6 45. Ra8+ Kc7 46. Nb3 Bc8 47. Ra7+ Bb7 48. Na5 Nd8 49. Nxb7 Nxb7 50. Ra8 Nd8 51. Kd3 Kd7 52. a5 1-0

[Event "LSS SB-2009-0-00060"]
[Site "LSS email"]
[Date "2009.09.11"]
[Round "?"]
[White "Gonzalez, Gervasio"]
[Black "Sanchez Carol, Jesus"]
[Result "1/2-1/2"]
[WhiteElo "1847"]
[BlackElo "1869"]
[PlyCount "67"]
[EventDate "2009.07.19"]
[EventType "tourn (corr)"]
[EventRounds "6"]
[EventCountry "GER"]
[SourceTitle "Telechess CBM 149"]
[Source "ChessBase"]
[SourceDate "2012.07.17"]
[SourceVersion "1"]
[SourceVersionDate "2012.07.17"]
[SourceQuality "1"]

1. e4 c5 2. c3 d5 3. exd5 Qxd5 4. d4 Bf5 5. Nf3 Nc6 6. Be3 cxd4 7. Nxd4 e6 8. Nxf5 Qxf5 9. Qb3 0-0-0 10. Bb5 Bc5 11. Bxc6 bxc6 12. Bxc5 Qxc5 13. 0-0 Nf6 14. Na3 Rd5 15. Qa4 Rhd8 16. b4 Qb6 17. Nc4 Qb5 18. Qb3 Ne4 19. Rae1 Nd2 20. Nxd2 Rxd2 21. c4 Qb7 22. b5 cxb5 23. cxb5 Kd7 24. Qc3 Ke8 25. Qxg7 Qxb5 26. Qxh7 Rxa2 27. Rb1 Qd5 28. Rfc1 Qd6 29. Qh8+ Qf8 30. Qh5 Qe7 31. Rd1 Rxd1+ 32. Rxd1 Qc7 33. Qh8+ Ke7 34. Qh4+ 1/2-1/2

[Event "LSS SC-2009-0-00030"]
[Site "LSS email"]
[Date "2009.05.02"]
[Round "?"]
[White "Gasanov, Engels G"]
[Black "Gonzalez, Gervasio"]
[Result "1/2-1/2"]
[WhiteElo "1803"]
[BlackElo "1856"]
[PlyCount "127"]
[EventDate "2009.02.26"]
[EventType "tourn (corr)"]
[EventRounds "6"]
[EventCountry "GER"]
[SourceTitle "Telechess CBM 141"]
[Source "ChessBase"]
[SourceDate "2011.03.17"]
[SourceVersion "1"]
[SourceVersionDate "2011.03.17"]
[SourceQuality "1"]

1. c4 e5 2. a3 Nf6 3. Qc2 g6 4. Nc3 d6 5. g3 Nc6 6. e3 Bg7 7. Nge2 0-0 8. Bg2 Be6 9. Nd5 Qd7 10. h3 Ne8 11. d3 Nd8 12. Ndc3 c6 13. b3 Rc8 14. Bb2 d5 15. f4 f6 16. 0-0-0 b5 17. Kb1 Qb7 18. c5 b4 19. axb4 Qxb4 20. Na2 Qb5 21. Rhe1 Rb8 22. Nec1 a5 23. d4 exd4 24. Bf1 Qb7 25. exd4 f5 26. Bc3 a4 27. b4 Nf6 28. Qxa4 Ne4 29. Re3 Ra8 30. Qc2 Qb8 31. Bb2 Rf7 32. Nb3 Rfa7 33. Nbc1 Bf7 34. Rb3 Ne6 35. b5 cxb5 36. Bxb5 Qc7 37. Rdd3 g5 38. Rd1 Ra5 39. Rb4 Bh5 40. Be2 Bxe2 41. Qxe2 Qa7 42. Kc2 gxf4 43. gxf4 Qc7 44. Kb1 Qa7 45. Qe3 Rxa2 46. Nxa2 Qxa2+ 47. Kc2 Ra4 48. Rxa4 Qxa4+ 49. Qb3 Qxb3+ 50. Kxb3 Kf7 51. Ka4 Nf2 52. Rb1 Nxh3 53. c6 Nhxf4 54. Rf1 Ke7 55. Ba3+ Kd8 56. Bd6 Ne2 57. Rxf5 Kc8 58. Kb4 N2xd4 59. Rxd5 Nxc6+ 60. Kc4 Ncd8 61. Bg3 Nf7 62. Ra5 Bb2 63. Kd5 Neg5 64. Ra2 1/2-1/2

[Event "LSS SC-2009-0-00030"]
[Site "LSS email"]
[Date "2009.05.02"]
[Round "?"]
[White "Van Esbroeck, Jeff"]
[Black "Gonzalez, Gervasio"]
[Result "1-0"]
[WhiteElo "1755"]
[BlackElo "1817"]
[PlyCount "61"]
[EventDate "2009.02.26"]
[EventType "tourn (corr)"]
[EventRounds "6"]
[EventCountry "GER"]
[SourceTitle "Telechess CBM 137"]
[Source "ChessBase"]
[SourceDate "2010.07.15"]
[SourceVersion "1"]
[SourceVersionDate "2010.07.15"]
[SourceQuality "1"]

1. e4 e5 2. Nf3 Nc6 3. Bb5 Nf6 4. Bxc6 dxc6 5. 0-0 Nxe4 6. Qe2 Nf6 7. Nxe5 Be6 8. Re1 Qd6 9. d3 0-0-0 10. Nd2 Re8 11. h3 Qd8 12. Nb3 Bd6 13. f4 Nd7 14. Qf2 Kb8 15. Be3 Nb6 16. Nc5 Bxc5 17. Bxc5 f6 18. Nf3 Qd5 19. b4 Bd7 20. a4 Nc8 21. Be3 h5 22. c4 Qd6 23. b5 Ka8 24. Nd4 g5 25. bxc6 Bxc6 26. fxg5 fxg5 27. Bxg5 Ref8 28. Qb2 Rhg8 29. Nxc6 Qxc6 30. Re5 Nd6 31. h4 1-0

[Event "LSS BI-2009-P-00009"]
[Site "LSS email"]
[Date "2009.04.19"]
[Round "?"]
[White "Do Amaral, Rogerio Einloft"]
[Black "Gonzalez, Gervasio"]
[Result "1/2-1/2"]
[WhiteElo "1945"]
[BlackElo "1720"]
[PlyCount "83"]
[EventDate "2009.04.20"]
[EventType "tourn (corr)"]
[EventRounds "10"]
[EventCountry "GER"]
[SourceTitle "Corr 2011"]
[Source "ChessBase"]
[SourceDate "2010.08.31"]
[SourceVersion "1"]
[SourceVersionDate "2010.08.31"]
[SourceQuality "1"]

1. e4 e5 2. Nf3 Nc6 3. Bb5 Nf6 4. 0-0 Nxe4 5. d4 Nd6 6. Bxc6 dxc6 7. dxe5 Nf5 8. Qxd8+ Kxd8 9. Nc3 Be6 10. Rd1+ Kc8 11. Ng5 Bc4 12. b3 Bb4 13. Bb2 Bxc3 14. Bxc3 Bd5 15. Nh3 Be6 16. Nf4 Rd8 17. h3 Ne7 18. Rxd8+ Kxd8 19. Rd1+ Nd5 20. Ba5 b6 21. c4 bxa5 22. cxd5 cxd5 23. Nxd5 Bd7 24. Nc3 Ke7 25. Rd4 Bc6 26. Rg4 g6 27. Rc4 Kd7 28. Rc5 a4 29. bxa4 Re8 30. f3 a6 31. Ra5 Kc8 32. Nd5 Kb7 33. Nb4 Bd7 34. Kf2 Ra8 35. Ke3 h5 36. f4 h4 37. Kd4 Be6 38. a3 Rd8+ 39. Ke3 Rd1 40. Rc5 Ra1 41. Rc3 Kb6 42. Nd3 1/2-1/2

[Event "LSS BI-2009-P-00009"]
[Site "LSS email"]
[Date "2009.04.19"]
[Round "?"]
[White "Gonzalez, Gervasio"]
[Black "Gomez Galan Arense, Joaquin"]
[Result "1-0"]
[WhiteElo "1720"]
[BlackElo "1762"]
[PlyCount "25"]
[EventDate "2009.04.20"]
[EventType "tourn (corr)"]
[EventRounds "10"]
[EventCountry "GER"]
[SourceTitle "Corr 2013"]
[Source "ChessBase"]
[SourceDate "2012.11.12"]
[SourceVersion "1"]
[SourceVersionDate "2012.11.12"]
[SourceQuality "1"]
[WhiteTeam "US of America"]
[BlackTeam "US of America"]
[WhiteTeamCountry "USA"]
[BlackTeamCountry "USA"]

1. e4 c5 2. c3 d5 3. exd5 Qxd5 4. d4 Nf6 5. Nf3 e6 6. Bd3 Nc6 7. 0-0 Be7 8. Be3 0-0 9. dxc5 Bxc5 10. Bxh7+ Kxh7 11. Qxd5 Nxd5 12. Bxc5 b6 13. Bxf8 1-0

[Event "LSS SD-2008-0-00022"]
[Site "LSS email"]
[Date "2009.01.31"]
[Round "?"]
[White "Gonzalez, Gervasio"]
[Black "Castellano, Antonio Jr"]
[Result "1-0"]
[WhiteElo "1720"]
[BlackElo "1297"]
[PlyCount "71"]
[EventDate "2009.01.12"]
[EventType "tourn (corr)"]
[EventRounds "6"]
[EventCountry "GER"]
[SourceTitle "Corr 2011"]
[Source "ChessBase"]
[SourceDate "2010.08.31"]
[SourceVersion "1"]
[SourceVersionDate "2010.08.31"]
[SourceQuality "1"]

1. e4 e5 2. Nf3 Nc6 3. Bb5 a6 4. Ba4 b5 5. Bb3 Nf6 6. 0-0 Bc5 7. c3 Bb7 8. a4 b4 9. d4 Bd6 10. Ng5 0-0 11. f4 exf4 12. e5 Nxe5 13. dxe5 Bxe5 14. Nxf7 Rxf7 15. Bxf7+ Kxf7 16. Bxf4 Qe7 17. Bxe5 Qxe5 18. Qxd7+ Kg8 19. Qf5 Qe3+ 20. Qf2 Ng4 21. Qxe3 Nxe3 22. Rc1 b3 23. Nd2 Rf8 24. Nxb3 Bxg2 25. Nc5 Rf5 26. Nxa6 Bb7 27. Nxc7 Rg5+ 28. Kf2 Nc2 29. Rxc2 Rg2+ 30. Ke3 Rxc2 31. a5 Rxh2 32. b4 Rh3+ 33. Kd4 Rh4+ 34. Kc5 Rh5+ 35. Kb6 Bf3 36. b5 1-0

[Event "LSS SD-2008-0-00022"]
[Site "LSS email"]
[Date "2009.01.31"]
[Round "?"]
[White "Gonzalez, Gervasio"]
[Black "Henke, Simon"]
[Result "1/2-1/2"]
[WhiteElo "1817"]
[BlackElo "1722"]
[PlyCount "125"]
[EventDate "2009.01.12"]
[EventType "tourn (corr)"]
[EventRounds "6"]
[EventCountry "GER"]
[SourceTitle "Telechess CBM 137"]
[Source "ChessBase"]
[SourceDate "2010.07.15"]
[SourceVersion "1"]
[SourceVersionDate "2010.07.15"]
[SourceQuality "1"]

1. e4 d6 2. d4 Nf6 3. Nc3 Nbd7 4. Nf3 e5 5. Bd3 Be7 6. 0-0 0-0 7. Re1 c6 8. a4 Qc7 9. d5 Nc5 10. Bc4 Bg4 11. b4 Ncd7 12. dxc6 bxc6 13. h3 Bh5 14. Ba3 a5 15. bxa5 Qxa5 16. Qd3 Nc5 17. Qe3 Ncd7 18. Nh4 Nb6 19. Bb3 Bg6 20. Bc1 d5 21. Nxg6 hxg6 22. exd5 Bb4 23. Bd2 cxd5 24. Nb1 Rfe8 25. Bxb4 Qxb4 26. Qd2 Qc5 27. Qc3 Qd6 28. Nd2 Nbd7 29. Nf3 Rec8 30. Qe3 e4 31. Nd4 Nc5 32. Red1 Qe5 33. Qd2 g5 34. Ne2 Rd8 35. Qe3 Ne6 36. Nd4 Rac8 37. a5 g4 38. Qg3 Qxg3 39. fxg3 gxh3 40. gxh3 Rc3 41. Kg2 Rc7 42. Nf5 Ra7 43. Kf1 g6 44. Nd4 Ra6 45. Ne2 Kf8 46. Ra3 Ke7 47. Nc3 Nc7 48. Na2 Nb5 49. Ra4 Rda8 50. Bxd5 Rxa5 51. Rxa5 Rxa5 52. Bb3 Nc7 53. Nb4 Rc5 54. c4 Nd7 55. Kf2 Ne5 56. Nd5+ Nxd5 57. Rxd5 Rxd5 58. cxd5 Kd6 59. Ke3 f5 60. g4 fxg4 61. hxg4 Nxg4+ 62. Kxe4 Nf6+ 63. Kf4 1/2-1/2

[Event "LSS SC-2008-0-00021"]
[Site "LSS email"]
[Date "2008.12.30"]
[Round "?"]
[White "Gonzalez, Gervasio"]
[Black "Blair, Matthew"]
[Result "1/2-1/2"]
[WhiteElo "1851"]
[BlackElo "1714"]
[PlyCount "175"]
[EventDate "2008.12.12"]
[EventType "tourn (corr)"]
[EventRounds "6"]
[EventCountry "GER"]
[SourceTitle "Telechess CBM 141"]
[Source "ChessBase"]
[SourceDate "2011.03.17"]
[SourceVersion "1"]
[SourceVersionDate "2011.03.17"]
[SourceQuality "1"]

1. e4 c5 2. c3 Nf6 3. e5 Nd5 4. d4 cxd4 5. Nf3 Nc6 6. Bc4 Nb6 7. Bb3 g6 8. cxd4 Bg7 9. 0-0 0-0 10. Bf4 d6 11. Qe1 Bf5 12. Qe3 Rc8 13. Nc3 Na5 14. exd6 exd6 15. Bh6 Nbc4 16. Qc1 Bg4 17. Bxg7 Kxg7 18. Bd1 Re8 19. b3 Nb6 20. Qd2 Qf6 21. Re1 Rxe1+ 22. Nxe1 Bf5 23. g4 Bd7 24. g5 Qf5 25. Bf3 Nc6 26. Bg2 Re8 27. Nc2 d5 28. f4 a6 29. Rf1 Qe6 30. Re1 Qd6 31. Rxe8 Bxe8 32. Ne2 Bd7 33. Ne3 Be6 34. Nc2 Nc8 35. a3 N8e7 36. b4 Nf5 37. Ne3 Nh4 38. Bh1 Ne7 39. Qc3 b6 40. Qe1 Nef5 41. Qc3 Nxe3 42. Qxe3 Nf5 43. Qe5+ Qxe5 44. dxe5 Ne3 45. Nd4 Nc4 46. Nc2 h6 47. h4 h5 48. Kf2 Kf8 49. Bf3 Ke7 50. Be2 b5 51. Bf3 Kd7 52. Nd4 Nxa3 53. f5 Bxf5 54. Bxd5 Ke7 55. Bb7 Bd7 56. Bxa6 Nc4 57. Nxb5 Nxe5 58. Nc3 Nc6 59. b5 Nb4 60. Bb7 Kd6 61. Bg2 Kc5 62. Bf1 Kd4 63. Na4 Be8 64. Kg3 Bd7 65. Nb6 Be6 66. Be2 Bf5 67. Nc4 Kc5 68. Nb2 Nd5 69. Na4+ Kb4 70. Bf3 Kc4 71. Bg2 Be6 72. b6 Bc8 73. Bh3 Bb7 74. Bd7 Kb4 75. Be8 Ne7 76. Kf4 Bc6 77. Bxc6 Nxc6 78. Nb2 Kc5 79. b7 Kd6 80. Nc4+ Kc7 81. Ne5 Nd8 82. Nxg6 fxg6 83. Ke5 Kxb7 84. Kf6 Kc6 85. Kxg6 Ne6 86. Kxh5 Kd6 87. Kg6 Ke7 88. Kh7 1/2-1/2

[Event "IECG QE.2008.0.00115"]
[Site "IECG email"]
[Date "2008.12.27"]
[Round "?"]
[White "Barton, Steve"]
[Black "Gonzalez, Gervasio"]
[Result "0-1"]
[WhiteElo "1300"]
[BlackElo "1200"]
[PlyCount "20"]
[EventDate "2008.12.27"]
[EventType "tourn (corr)"]
[EventRounds "6"]
[SourceTitle "Corr 2024"]
[Source "ChessBase"]
[SourceDate "2023.10.19"]
[SourceVersion "1"]
[SourceVersionDate "2023.10.19"]
[SourceQuality "1"]

1. d4 d5 2. c4 c6 3. Nc3 e6 4. Bf4 dxc4 5. e4 b5 6. Nf3 Nf6 7. Be2 Be7 8. 0-0 0-0 9. Re1 Bb7 10. Qc2 Nbd7 0-1

[Event "LSS OP-2008-0-00691"]
[Site "LSS email"]
[Date "2008.12.06"]
[Round "?"]
[White "Laureles, Raymundo"]
[Black "Gonzalez, Gervasio"]
[Result "0-1"]
[WhiteElo "1235"]
[BlackElo "1780"]
[PlyCount "44"]
[EventDate "2008.12.05"]
[EventType "tourn (corr)"]
[EventRounds "4"]
[EventCountry "GER"]
[SourceTitle "Corr 2013"]
[Source "ChessBase"]
[SourceDate "2012.11.12"]
[SourceVersion "1"]
[SourceVersionDate "2012.11.12"]
[SourceQuality "1"]

1. e4 e5 2. f4 exf4 3. Nf3 g5 4. h4 g4 5. Ne5 Nf6 6. Bc4 d5 7. exd5 Bd6 8. d4 Nh5 9. Bb5+ c6 10. dxc6 bxc6 11. Nxc6 Qb6 12. Nxa7+ Bd7 13. Qxg4 Nf6 14. Nc8 Bb4+ 15. c3 Qxb5 16. Qg7 Rg8 17. Qxf6 Ra6 18. Nb6 Rxb6 19. a4 Qa6 20. Qxf4 Rxg2 21. Qf3 Re6+ 22. Be3 Qd3 0-1

[Event "LSS CP-2008-P-00056"]
[Site "LSS email"]
[Date "2008.10.01"]
[Round "?"]
[White "Giordano, Michael"]
[Black "Gonzalez, Gervasio"]
[Result "0-1"]
[WhiteElo "1949"]
[BlackElo "1639"]
[PlyCount "104"]
[EventDate "2008.10.01"]
[EventType "tourn (corr)"]
[EventRounds "6"]
[EventCountry "GER"]
[SourceTitle "Corr 2011"]
[Source "ChessBase"]
[SourceDate "2010.08.31"]
[SourceVersion "1"]
[SourceVersionDate "2010.08.31"]
[SourceQuality "1"]

1. e4 e5 2. Nf3 Nc6 3. Bc4 Bc5 4. 0-0 Nf6 5. d4 Bxd4 6. Nxd4 Nxd4 7. f4 d6 8. c3 Nc6 9. f5 0-0 10. Bg5 h6 11. Bh4 Bd7 12. b4 a5 13. b5 Na7 14. a4 c6 15. Na3 cxb5 16. axb5 Nc8 17. Qf3 Nb6 18. Bb3 Rc8 19. c4 Be8 20. Rad1 Nbd7 21. Bc2 Nc5 22. Qe3 b6 23. Rf3 Ng4 24. Qe1 Nf6 25. Rh3 Nb7 26. Qe3 Nc5 27. Nb1 d5 28. exd5 Qd6 29. Bg3 Ncd7 30. Rh4 Nh7 31. Nc3 f6 32. Bf2 Ng5 33. Na4 Rb8 34. Ra1 Bf7 35. Bd3 Rfc8 36. Qg3 Re8 37. Be3 Rec8 38. Qf2 Qc7 39. Re1 Qd6 40. Be2 Qc7 41. Qg3 Qd6 42. Ra1 Qc7 43. Bh5 Bxh5 44. Rxh5 Qxc4 45. h4 Ne4 46. Qg6 Ng5 47. Rxh6 Nf8 48. Qh5 gxh6 49. hxg5 hxg5 50. Qd1 Qe4 51. Qf3 Qxf3 52. gxf3 Nd7 0-1

[Event "LSS CP-2008-P-00056"]
[Site "LSS email"]
[Date "2008.10.01"]
[Round "?"]
[White "Gonzalez, Gervasio"]
[Black "Digalakis, Georgios"]
[Result "0-1"]
[WhiteElo "1727"]
[BlackElo "1726"]
[PlyCount "136"]
[EventDate "2008.10.01"]
[EventType "tourn (corr)"]
[EventRounds "6"]
[EventCountry "GER"]
[SourceTitle "Corr 2011"]
[Source "ChessBase"]
[SourceDate "2010.08.31"]
[SourceVersion "1"]
[SourceVersionDate "2010.08.31"]
[SourceQuality "1"]

1. e4 e5 2. Nf3 Nc6 3. Bb5 a6 4. Ba4 Nf6 5. 0-0 Be7 6. Re1 b5 7. Bb3 d6 8. c3 0-0 9. h3 Na5 10. Bc2 d5 11. exd5 e4 12. Ng5 Nxd5 13. Nxe4 f5 14. Ng3 f4 15. Nh5 g6 16. b4 Nc6 17. Be4 Rf5 18. Bxf5 Bxf5 19. a4 Rb8 20. axb5 axb5 21. d4 gxh5 22. Qf3 Qd6 23. Nd2 h4 24. Ne4 Bxe4 25. Rxe4 Qd7 26. Bd2 Bd6 27. Rae1 Nce7 28. Re6 Kh8 29. Qh5 Rg8 30. Qf3 Rg6 31. R6e2 c6 32. Re4 Kg7 33. R4e2 Nf5 34. Re4 Nh6 35. Bxf4 Nxf4 36. Rxf4 Bxf4 37. Qxf4 Qd5 38. Re7+ Nf7 39. f3 Kf8 40. Ra7 Qe6 41. Kh2 Qf6 42. Qb8+ Kg7 43. Qe8 Qe6 44. Re7 Qf5 45. Re4 Qg5 46. Rg4 Qf6 47. Qe4 Rxg4 48. Qxg4+ Kh6 49. Qe4 Nh8 50. d5 Qd6+ 51. Kg1 Qxd5 52. Qxh4+ Kg7 53. Qe7+ Nf7 54. Qe3 Ne5 55. Kf2 h6 56. f4 Nc4 57. Qe7+ Qf7 58. Qxf7+ Kxf7 59. g3 Ke6 60. Kf3 Kd5 61. g4 Nd2+ 62. Ke3 Ne4 63. h4 Nxc3 64. h5 Na2 65. g5 Ke6 66. Ke4 Nxb4 67. f5+ Kf7 68. g6+ Kf6 0-1

[Event "LSS CP-2008-P-00056"]
[Site "LSS email"]
[Date "2008.10.01"]
[Round "?"]
[White "Gonzalez, Gervasio"]
[Black "Ronczkowski, Manfred"]
[Result "0-1"]
[WhiteElo "1200"]
[BlackElo "2472"]
[PlyCount "96"]
[EventDate "2008.10.01"]
[EventType "tourn (corr)"]
[EventRounds "6"]
[EventCountry "GER"]
[SourceTitle "Corr 2013"]
[Source "ChessBase"]
[SourceDate "2012.11.12"]
[SourceVersion "1"]
[SourceVersionDate "2012.11.12"]
[SourceQuality "1"]
[WhiteTeam "US of America"]
[BlackTeam "US of America"]
[WhiteTeamCountry "USA"]
[BlackTeamCountry "USA"]

1. e4 c5 2. c3 Nf6 3. e5 Nd5 4. d4 cxd4 5. Nf3 Nc6 6. Bc4 Nb6 7. Bb3 d5 8. exd6 Qxd6 9. 0-0 Be6 10. Na3 dxc3 11. Nb5 Qxd1 12. Rxd1 Rc8 13. Bxe6 fxe6 14. bxc3 Nc4 15. Ng5 e5 16. Na3 Nd6 17. Rb1 h6 18. Ne6 Kf7 19. Nc5 b6 20. Nd3 e6 21. Nb5 e4 22. Nf4 Nxb5 23. Rxb5 Be7 24. Be3 Rhd8 25. Rbb1 Ne5 26. Rxd8 Rxd8 27. Ne2 Rd3 28. Re1 Ng4 29. Ng3 Rxc3 30. Bd4 Ra3 31. h3 Nf6 32. Re2 Nd5 33. Nxe4 Nb4 34. f3 Rxa2 35. Rxa2 Nxa2 36. Kf2 Nb4 37. Ke2 Nd5 38. h4 a5 39. Kd3 Bxh4 40. Kc4 Bf6 41. Nd6+ Ke7 42. Nc8+ Kd8 43. Nd6 Bxd4 44. Kxd4 a4 45. Kc4 h5 46. g3 Ke7 47. Nb5 g5 48. Kd3 h4 0-1

[Event "LSS OP-2008-0-00602"]
[Site "LSS email"]
[Date "2008.08.18"]
[Round "?"]
[White "Doughty, Richard"]
[Black "Gonzalez, Gervasio"]
[Result "0-1"]
[WhiteElo "800"]
[BlackElo "1780"]
[PlyCount "22"]
[EventDate "2008.08.13"]
[EventType "tourn (corr)"]
[EventRounds "4"]
[EventCountry "GER"]
[SourceTitle "Corr 2015"]
[Source "ChessBase"]
[SourceDate "2015.07.17"]
[SourceVersion "1"]
[SourceVersionDate "2015.07.17"]
[SourceQuality "1"]

1. e4 e5 2. Nf3 Nc6 3. Bb5 Nf6 4. 0-0 Nxe4 5. d4 Be7 6. Qe2 Nd6 7. Bxc6 bxc6 8. dxe5 Nb7 9. Nd4 0-0 10. Rd1 Qe8 11. Nc3 Nc5 0-1

[Event "IECG CE.2005.0.00082 email"]
[Site "IECG email"]
[Date "2005.02.20"]
[Round "1"]
[White "Boyd, John Michael"]
[Black "Gonzalez, Gervasio"]
[Result "1-0"]
[WhiteElo "1290"]
[BlackElo "1200"]
[PlyCount "51"]
[EventDate "2005.02.20"]
[EventType "tourn (corr)"]
[EventRounds "6"]
[SourceTitle "Corr 2008"]
[Source "ChessBase"]
[SourceDate "2008.06.24"]
[SourceVersion "1"]
[SourceVersionDate "2008.06.24"]
[SourceQuality "1"]

1. d4 Nf6 2. c4 g6 3. Nc3 d5 4. cxd5 Nxd5 5. e4 Nxc3 6. bxc3 Bg7 7. Bc4 0-0 8. Ne2 c5 9. Be3 Nc6 10. Qd2 Qa5 11. Rd1 cxd4 12. cxd4 Qxd2+ 13. Rxd2 Rd8 14. 0-0 Bd7 15. Rfd1 Rac8 16. Rb1 Na5 17. Bd3 f5 18. f3 e6 19. Rbd1 Ba4 20. Rf1 Nc4 21. Bxc4 Rxc4 22. Rc1 Rdc8 23. Rxc4 Rxc4 24. Kf2 fxe4 25. fxe4 a6 26. Kf3 1-0